Fr. Conceicao Rodrigues College of Engineering

Electronic Circuits Analysis and Design-1with Practicals (Record no. 30164)

MARC details
000 -LEADER
fixed length control field 00289nam a2200121Ia 4500
100 ## - MAIN ENTRY--PERSONAL NAME
Personal name Karandikar/ R.G
245 ## - TITLE STATEMENT
Title Electronic Circuits Analysis and Design-1with Practicals
260 ## - PUBLICATION, DISTRIBUTION, ETC.
Name of publisher, distributor, etc. Nandu
Place of publication, distribution, etc. New york
Date of publication, distribution, etc. 2003
300 ## - PHYSICAL DESCRIPTION
Extent 406
546 ## - LANGUAGE NOTE
Language note ENGLISH
654 ## - SUBJECT ADDED ENTRY--FACETED TOPICAL TERMS
Focus term electronic
942 ## - ADDED ENTRY ELEMENTS (KOHA)
Koha item type BOOK
Holdings
Withdrawn status Lost status Damaged status Not for loan Collection Home library Current library Date acquired Total Checkouts Full call number Barcode Date last seen Price effective from Koha item type
        CRC Fr. Agnel's C.Rodrigues College of Engineering Fr. Agnel's C.Rodrigues College of Engineering 17/03/2023   13239 17/03/2023 17/03/2023 BOOK